000 00268nam a2200133Ia 4500
100 _a#N/A
650 _aComputer
490 _vvol 7 issue 8
942 _cBK
654 _alfy
245 _aLFY: Vol 7 issue 8: slackware
260 _bLFY
_c2009
546 _aENGLISH
999 _c20637
_d20637